000 00415nam a2200145Ia 4500
008 230917s9999||||xx |||||||||||||| ||und||
040 _e97305
_aMAIN
041 _aEnglish
082 _a342.54 S14C
100 _aShakdher, S L, ed.
245 0 _aConstitution and the parliament in India: The 25 years of the republic
260 _aDelhi
_bNational Publishing House
_c1976
300 _axlvi, 694 p.
942 _cBK
999 _c141978
_d141978